01972nam a2200493 i 450000100060000000300080000600500170001400600190003100700150005000800410006502000270010602000180013303500230015103500240017403500250019803500220022304000310024505000260027608000080030208200170031010000360032724501500036326400910051330000410060433600310064533700330067633800430070949000270075250000220077950400290080158801240083059001630095465000430111765000480116065000130120865000160122165500270123770000490126470000390131379700190135283000280137185600620139999900170146150017FlNmELB20241216232205.0m o d | cr cnu||||||||180307s2017 sp ob 001 0 spa d a9788481439540 (e-book) z9788481439533 a(MiAaPQ)EBC5190231 a(Au-PeEL)EBL5190231 a(CaPaEBR)ebr11484331 a(OCoLC)1105438425 aFINmELBbspaerdacFINmELB 4aTD885.5.C3bL925 2017 a5040 a363.73872231 aLópez Santiago, Luis Antonio.13aLa huella de carbono y el análisis input-output /cLuis Antonio López Santiago, Jorge Enrique Zafrilla Rodríguez, Sergio Álvarez Gallego. 1aMadrid :bAENOR - Asociación Española de Normalización y Certificación,c2017. a1 recurso en línea (107 páginas) atextobtxt2rdacontent/spa acomputadorabc2rdamedia/spa arecurso en líneabcr2rdacarrier/spa1 aHuella de carbono ;v6 aIncluye índice. aContiene bibliografía. aDescripción basada en recurso en línea; Título de la página del título en PDF (e-libro, visto March 7, 2018). aRecurso electrónico. Santa Fe, Arg. : e-libro, 2018. Disponible vía World Wide Web. El acceso puede ser limitado para las bibliotecas afiliadas a e-Libro. 0aCarbon dioxidexEnvironmental aspects. 4aDióxido de carbonoxAspectos ambientales. 0aEcology. 4aEcología. 4aLibros electrónicos.1 aZafrilla Rodríguez, Jorge Enrique,eautor.1 aÁlvarez Gallego, Sergio,eautor.2 ae-libro, Corp. 0aHuella de carbono ;v6.40uhttps://elibro.net/ereader/politecnicointernacional/53620 c50017d50017